Engineering properties of foods

Saved in:
Bibliografiske detaljer
Main Authors: Rao, M. A (Author), Rizvi, S. S. H (Author)
Format: Bog
Sprog:engelsk
Udgivet: Nueva York Marcel Dekker 1986
Serier:Food science and technology, 19
Fag:
Tags: Tilføj Tag
Ingen Tags, Vær først til at tagge denne postø!

MARC

LEADER 00000nam a2200000 a 4500
001 UCY0826
003 CL-VaPUC
008 940813e19860000US |||||||||||||||||eng|d
082 0 4 |a 664.07  |b RAO  |2 21 
100 0 |a Rao, M. A  |e author  |9 328661 
700 0 |a Rizvi, S. S. H  |e author  |9 328662 
245 1 0 |a Engineering properties of foods 
300 |a 398 p 
942 |c BK 
945 |d 19940813 00:00:00  |a mfernand 
260 |a Nueva York  |b Marcel Dekker  |c 1986 
650 0 |a Alimentos   |v Análisis   |9 259399 
650 7 |a INDUSTRIAS ALIMENTICIAS  |2 CL-VaPUC  |9 328663 
583 |a last modification  |c 19940813 00:00:00  |k Rodrigo Vera 
490 0 |a Food science and technology, 19 
999 |c 229727  |d 229725 
952 |0 0  |1 0  |4 0  |6 664_070000000000000_RAO_1986  |7 0  |8 A  |9 231227  |a BIBALI  |b BIBALI  |c GEN  |d 2019-11-15  |i 2952335  |l 3  |o 664.07 RAO 1986  |p 2952335  |r 2025-01-20  |s 2021-12-16  |w 2019-11-15  |y BK  |k ALI